000 00847nmm a2200277 a 4500
001 ocm000608113
003 TR-IsHL
005 20201028125604.0
008 110704s2009 tu tur
007 cr cn
020 _a9786055765170
035 _a608113
_b(N$T)
050 0 4 _aPL248.E79
_bS2 2009
090 0 4 _aPL248.E79
_bS2 2009
100 1 _aEryümlü, Can
245 1 0 _aSakız'ın gözyaşları
_h[electronic resource] /
_cCan Eryümlü
250 _a1. bs.
260 _aİstanbul :
_bPupa Yayınları,
_c2009
300 _a340 p.
650 4 _aDil ve Edebiyat
650 4 _aLanguage and Literature
650 0 _aTürk romanı
650 0 _aTurkish fiction
650 7 _aLITERARY COLLECTIONS / Middle Eastern
_2bisacsh
856 4 0 _uhttp://search.ebscohost.com/login.aspx?direct=true&scope=site&db=e011xww&AN=608113
999 _c3560
_d3560